The Holy Bible : (Record no. 10495)
[ view plain ]
| 000 -LEADER | |
|---|---|
| fixed length control field | 00832cam a22002292 4500 |
| 001 - CONTROL NUMBER | |
| control field | 0000000652 |
| 005 - DATE AND TIME OF LATEST TRANSACTION | |
| control field | 20151217154326.0 |
| 008 - FIXED-LENGTH DATA ELEMENTS--GENERAL INFORMATION | |
| fixed length control field | 070213s xx 000 0 eng d |
| 020 ## - INTERNATIONAL STANDARD BOOK NUMBER | |
| Terms of availability | KES 450 |
| 040 ## - CATALOGING SOURCE | |
| Original cataloging agency | KABU |
| Transcribing agency | KABU |
| 050 #0 - LIBRARY OF CONGRESS CALL NUMBER | |
| Classification number | BS195 |
| Item number | .N37 1984 |
| 245 14 - TITLE STATEMENT | |
| Title | The Holy Bible : |
| Remainder of title | New International Version containing the Old and New Testament. |
| 260 ## - PUBLICATION, DISTRIBUTION, ETC. (IMPRINT) | |
| Place of publication, distribution, etc. | Colorado : |
| Name of publisher, distributor, etc. | International Bible Society, |
| Date of publication, distribution, etc. | 1984. |
| 300 ## - PHYSICAL DESCRIPTION | |
| Extent | viii, 882, 63 p. |
| 630 00 - SUBJECT ADDED ENTRY--UNIFORM TITLE | |
| Uniform title | Bible. |
| Date of a work | 1984. |
| Language of a work | English. |
| Version | New International. |
| -- | 0000148925 |
| 908 ## - PUT COMMAND PARAMETER (RLIN) | |
| Put command parameter | 070213 |
| 950 ## - LOCAL HOLDINGS (RLIN) | |
| -- | 1 |
| Withdrawn status | Lost status | Source of classification or shelving scheme | Not for loan | Home library | Current library | Date acquired | Total Checkouts | Full call number | Barcode | Date last seen | Price effective from | Koha item type | Date last checked out |
|---|---|---|---|---|---|---|---|---|---|---|---|---|---|
| Library of Congress Classification | Kabarak, Main Campus | Kabarak, Main Campus | 17/12/2015 | BS195 .N37 1984 c. 40 | 000060 | 17/12/2015 | 17/12/2015 | General Collection | |||||
| Library of Congress Classification | Kabarak, Main Campus | Kabarak, Main Campus | 17/12/2015 | 1 | BS195 .N37 1984 c. 21 | 000041 | 02/08/2024 | 17/12/2015 | General Collection | 14/03/2017 | |||
| Library of Congress Classification | Kabarak, Main Campus | Kabarak, Main Campus | 17/12/2015 | 1 | BS195 .N37 1984 c. 26 | 000046 | 18/04/2017 | 17/12/2015 | General Collection | 04/04/2017 | |||
| Library of Congress Classification | Kabarak, Main Campus | Kabarak, Main Campus | 17/12/2015 | 2 | BS195 .N37 1984 c. 12 | 000032 | 02/08/2024 | 17/12/2015 | General Collection | 04/07/2018 |